| 000 | 01914nam a2200421Ii 4500 | ||
|---|---|---|---|
| 001 | DIGRILEDIT0128 | ||
| 003 | NyNyDIG | ||
| 006 | m o d | ||
| 007 | cr ||||||||||| | ||
| 008 | 140101s2011 cl a ob 000 0bspa d | ||
| 020 | _z9789562847858 | ||
| 020 | _z9562847853 | ||
| 035 | _a(OCoLC)847713052 | ||
| 040 |
_aDGITA _beng _epn _cDGITA |
||
| 043 | _as-cl--- | ||
| 050 | 1 | 4 | _aF3081 eBook |
| 100 | 1 | _aQuezada Vergara, Abraham | |
| 245 | 1 | 0 |
_aDiccionario de historia y geografia de Chile / _cAbraham Quezada Vergara. |
| 250 | _a2. ed. | ||
| 264 | 1 |
_aProvidencia, Santiago de Chile: _bRIL editores, _c2011. |
|
| 300 | _a1 online resource (464 pages) | ||
| 336 |
_atext _btxt _2rdacontent |
||
| 337 |
_acomputer _bc _2rdamedia |
||
| 338 |
_aonline resource _bcr _2rdacarrier |
||
| 490 | 1 | _aBibliodiversidad. | |
| 500 | _aEdición Bicentenario actualizada al 2010. First ed. 2004 with title: Diccionario de conceptos históricos y geográficos de Chile. | ||
| 500 | _a"Este diccionario reúne, por primera vez, los principales conceptos de la historia y la geografía del país en un solo volumen. Sistematiza y ordena más de mil quinientas entradas de ambas disciplinas, con datos e informaciones actualizados al 2010, por lo que se transforma en una verdadera y privilegiada herramienta para quienes deseen acercarse de manera operativa, pero a la vez exhaustiva, a la historia y geografía de Chile" (from publisher) | ||
| 651 | 0 |
_aChile _xHistory _vDictionaries. |
|
| 651 | 0 |
_aChile _xGeography _vDictionaries. |
|
| 651 | 0 |
_aChile _vDictionaries and encyclopedias. |
|
| 655 | 0 | _aElectronic books. | |
| 791 | 2 |
_aDigitalia (Firm), _edistributor. |
|
| 830 | 0 | _aBibliodiversidad. | |
| 793 | 0 |
_gDigitalia eBook Collection: _aRil Editores. |
|
| 856 | 4 | 0 |
_3Digitalia Hispánica _uhttps://www.digitaliapublishing.com/a/19139/ |
| 910 | _aPremium Collection: 2007-2012 | ||
| 942 | _cRAA | ||
| 999 |
_c236278 _d236278 |
||